01713nam a2200325 i 4500001001000000003000900010005001700019007000300036008004100039040003000080082001400110100005900124245011000183250001800293264004800311300004000359336002700399337003300426338002800459504002500487590002700512700004700539910001400586942001300600952021000613952021600823952020101039952013001240999001701370000034941DO-SdBNP20240307183815.0ta100115s1980 dr a 001 0 spa d aDO-SdBNPbspacBNPHUerda bM433o2221 a Matos G., Ramiro‏q(Matos González)d1927-93778013aOrigen y evolución del escudo dominicano /cRamiro Matos González ; introducción José Miguel Soto a2a. edición 1aSanto Domingo :bMilvio y Asociados,c1980. a46 páginasbilustracionesc20 cm. 2rdacontentatextobtxt 2rdamediaasin mediaciónbn 2rdacarrieravolumenbnc aBibliografía p: 46 aInventariado, 2024/ YL1 aSoto, José Migueleintroducción926983 aYLockward 2ddccLF2 00102ddc51708DS-FaBNPHUbBNPHUcCTd2014-12-01eBarbara SuncariLF1l0oBNPHU F-PD C387ep34941-10r2020-06-25w2020-06-25yLF2zPerteneció a la biblioteca personal de Bárbara SuncarZNo se presta 00102ddc51708DS-FaBNPHUbBNPHUcCTd2014-12-01eBarbara SuncariLF1l0oBNPHU F-PD C387ep34941-20r2020-06-25te. 2w2020-06-25yLF2zPerteneció a la biblioteca personal de Bárbara SuncarZNo se presta 00102ddc56708DSaBNPHUbBNPHUcCTd2014-12-01eBarbara SuncariLF1l0oBNPHU F-DS C387ep2024-0039r2024-01-03te. 3w2020-06-25yLF2zPerteneció a la biblioteca personal de Bárbara Suncar 00102ddc56708DSaBNPHUbBNPHUcCTd2024-03-06edonaciónl0oBNPHU DS M433op2024-1276r2024-03-06te.4w2024-03-06yLF2 c34432d34432